ბათუმის შოთა რუსთაველის სახელმწიფო უნივერსიტეტის ბიბლიოთეკა

ბუტია პალმის ნაყოფის ქიმიური შემადგენლობის შესწავლა მათგან მაღალი კვებითი ღირებულების პროდუქტების წარმოების მიზნით : დისერტაცია / (ბიბ.ჩანაწერი № 55475)

000 -ლიდერი
ფიქსირებული სიგრძის საკონტროლო ველი 01691nam a2200229Ia 4500
001 - საკონტროლო ნომერი
საკონტროლო ველი 22557
003 - საკონტროლო ნომრის იდენტიფიკატორი
საკონტროლო ველი GE_BSU
005 - ბოლო ოპერაციის თარიღი და დრო
საკონტროლო ველი 20220920143336.0
008 - ფიქსირებული სიგრძის მონაცემთა ელემენტები - ზოგადი ინფორმაცია
ფიქსირებული სიგრძის საკონტროლო ველი 181216s2009||||ge |||||||||||||| ||geo||
040 ## - კატალოგიზაციის წყარო
Transcribing agency GE_BSU
041 ## - ენის კოდი
Language code of text/sound track or separate title geo
080 ## - უნივერსალური ათობითი კლასიფიკაციის ინდექსი
Universal Decimal Classification number 57 ა-78
100 ## - მთავარი ჩანაწერი - პიროვნების სახელი
Personal name არდემანაშვილი, თამილა
9 (RLIN) 11689
245 ## - ცნობა სათაურის შესახებ
Title ბუტია პალმის ნაყოფის ქიმიური შემადგენლობის შესწავლა მათგან მაღალი კვებითი ღირებულების პროდუქტების წარმოების მიზნით : დისერტაცია /
Statement of responsibility, etc თამილა არდემანაშვილი; სამეცნიერო ხელმძღვანელი მ. სილაგაძე; ბათუმის შოთა რუსთაველის სახ-ფო უნ-ტი.
264 ## - წარმოების, გამოცემის, დისტრიბუციის და სხვა ცნობები
გამოცემის, წარმოების, დისტრიბუციის... ადგილი ბათუმი,
გამოცემის, წარმოების, დისტრიბუციის... თარიღი 2009.
300 ## - ფიზიკური აღწერა
Extent 121 გვ. ;
Other physical details 30 სმ.
653 ## - INDEX TERM--UNCONTROLLED
Uncontrolled term ბუტია პალმის ნაყოფის ქიმიური შემადგენლობის შესწავლა მათგან მაღალი კვებითი ღირებულების პროდუქტების წარმოების მიზნით
653 ## - INDEX TERM--UNCONTROLLED
Uncontrolled term დისერტაცია
700 ## - ADDED ENTRY--PERSONAL NAME
Personal name სილაგაძე, მ.
Relator term სამეცნიერო ხელმძღვანელი
9 (RLIN) 11690
710 ## - ADDED ENTRY--CORPORATE NAME
Corporate name or jurisdiction name as entry element ბათუმის შოთა რუსთაველის სახ-ფო უნ-ტი
9 (RLIN) 11691
942 ## - ADDED ENTRY ELEMENTS (KOHA)
Koha item type წიგნი
Source of classification or shelving scheme
ეგზემპლარები
ჩამოწერის სტატუსი დაკარგული ეგზემპლარის სტატუსი კლასიფიკაციის წყარო ან თაროზე გაწყობის სქემა დაზიანების სტატუსი არ გაიცემა მუდმივი მდებარეობა (დაცვის ადგილი) ამჟამინდელი ადგილსამყოფელი შეძენის თარიღი სრული შენახვის შიფრი შტრიხკოდი ბოლო ოპერაციის თარიღი ეგზემპლარის მიმდევრობითი ნომერი (კეტერი?) ფასის ძალაში შესვლის თარიღი ეგზემპლარის სახეობა საჯარო შენიშვნა
        შიდა ფონდი ბათუმის შოთა რუსთაველის სახელმწიფო უნივერსიტეტის მთავარი ბიბლიოთეკა ბათუმის შოთა რუსთაველის სახელმწიფო უნივერსიტეტის მთავარი ბიბლიოთეკა 2018-12-17 57 ა-78 103 დისერტ 2018-12-17 103 2018-12-17 დისერტაცია